000 00597nam a2200217Ia 4500
003 IN-BaIIA
008 211028s9999 xx 000 0 eng d
020 _a0-944389-01-5
040 _cIIA Library
080 _a524.352
_bGEN
100 _aGenet, R. M
_913302
245 0 _aSupernova 1987A
_bastronomy's explosive enigma
_cR. M. Genet
260 _aMesa
_bFairborn Press
_c1988
300 _aii, 211p.
650 _aAstronomy and astrophysics thesaurus
650 _aSupernovae
700 _aGenet, D. R
_916007
700 _aHall, D. S
_916008
700 _aHayes, D. S
_916009
942 _cBK
999 _c9505
_d9505